[Event "AUTO-MASTER-113"]
[Site "http://www.queenalice.com/game.php?id=56202"]
[Date "2006.3.7"]
[Round "1"]
[White "garik66"]
[Black "vincentlennon"]
[Result "1-0"]
[WhiteElo "1709"]
[BlackElo "1622"]

1. d4 d5 2. c4 dxc4 3. e4 c5 4. Nf3 cxd4 5. Qxd4 Qxd4 6. Nxd4 e5 7. Nb5 Kd7 8.
Bxc4 a6 9. N5c3 b5 10. Bxf7 Nf6 11. O-O Bb4 12. Rd1+ Ke7 13. Bd5 Ra7 14. Be3 Rd7
15. a3 Bd6 16. b4 h6 17. f3 Rhd8 18. Nd2 Bb7 19. Nb3 Bxd5 20. Nxd5+ Nxd5 21.
Rxd5 Bc7 22. Rc1 Ke8 23. h4 Rxd5 24. exd5 Rd7 25. h5 Kf7 26. Kf2 Kf6 27. Nc5 Rf7
28. Ne4+ Kf5 29. g4# 1-0

[Event "AUTO-MASTER-113"]
[Site "http://www.queenalice.com/game.php?id=56203"]
[Date "2006.3.7"]
[Round "1"]
[White "vincentlennon"]
[Black "garik66"]
[Result "0-1"]
[WhiteElo "1622"]
[BlackElo "1748"]

1. d4 e6 2. c4 Nf6 3. Nc3 d5 4. e3 c6 5. Bd3 Nbd7 6. Nge2 dxc4 7. Bxc4 e5 8. Qb3
Qe7 9. a4 Nb6 10. dxe5 Ng4 11. f4 Nxe5 12. fxe5 Qh4+ 13. g3 Qxc4 14. Qd1 Nd7 15.
Qd4 Qe6 16. Nf4 Qxe5 17. Bd2 Bc5 18. Qe4 f5 19. Qxe5+ Nxe5 20. O-O-O g5 21. Nh5
Nd3+ 22. Kc2 Nf2 23. Rhf1 Nxd1 24. Rxd1 O-O 25. Na2 f4 26. exf4 Bg4 27. fxg5
Bxh5 28. Re1 Rf2 29. Kc3 Rd8 30. Bf4 Bd4+ 31. Kc4 Bf7+ 32. Kd3 Bxa2 0-1

[Event "Challenge"]
[Site "http://www.queenalice.com/game.php?id=56538"]
[Date "2006.3.9"]
[Round "-"]
[White "ulises"]
[Black "garik66"]
[Result "0-1"]
[WhiteElo "1718"]
[BlackElo "1913"]

1. e4 e6 2. d4 d5 3. e5 c5 4. c3 Nc6 5. Nf3 Bd7 6. Be3 Qb6 7. b3 cxd4 8. cxd4
Bb4+ 9. Nbd2 Ba3 10. Be2 Nge7 11. O-O Rc8 12. Nb1 Bb2 13. Nbd2 Bxa1 14. Qxa1 Nb4
15. Qb2 Rc2 16. Qb1 Rxa2 17. Rc1 Bb5 18. Bd1 Bd3 0-1

[Event "AUTO-OPEN-202"]
[Site "http://www.queenalice.com/game.php?id=77329"]
[Date "2006.6.17"]
[Round "2"]
[White "ivan_at"]
[Black "garik66"]
[Result "0-1"]
[WhiteElo "1489"]
[BlackElo "1977"]

1. d4 e6 2. Nf3 d5 3. Nc3 Nf6 4. Bg5 Be7 5. Qd2 Nbd7 6. O-O-O c6 7. h4 b5 8. a3
b4 9. axb4 Bxb4 10. e3 Qa5 11. Qd3 Ne4 12. Nb1 Nxf2 13. Qe2 Nxh1 14. Ne5 Nxe5
15. c3 Bd6 16. Bf4 Nc4 0-1

[Event "AUTO-OPEN-202"]
[Site "http://www.queenalice.com/game.php?id=77330"]
[Date "2006.6.17"]
[Round "2"]
[White "garik66"]
[Black "ivan_at"]
[Result "1-0"]
[WhiteElo "1977"]
[BlackElo "1489"]

1. d4 Nf6 2. c4 g6 3. Nc3 Bg7 4. e4 d6 5. f3 c6 6. Nge2 O-O 7. Be3 b5 8. cxb5
cxb5 9. Nxb5 Qa5+ 10. Nec3 Qb4 11. Nc7 Qxb2 12. N3b5 Bb7 13. a4 a6 14. Rb1 Qa2
15. Nc3 Qa3 16. Rb3 1-0

[Event "AUTO-OPEN-202"]
[Site "http://www.queenalice.com/game.php?id=77338"]
[Date "2006.6.17"]
[Round "2"]
[White "alexsoncini"]
[Black "garik66"]
[Result "0-1"]
[WhiteElo "1995"]
[BlackElo "1997"]

1. e4 e6 2. d4 d5 3. e5 c5 4. Nf3 Qb6 5. c3 Bd7 6. Bd3 Bb5 7. O-O Bxd3 8. Qxd3
Nd7 9. b3 Ne7 10. Be3 Nc6 11. Nbd2 Rc8 12. a3 cxd4 13. cxd4 a6 14. Rfc1 Qb5 15.
Qxb5 axb5 16. a4 bxa4 17. Rxa4 f6 18. exf6 gxf6 19. g3 Bd6 20. Ne1 Ke7 21. Nd3
Ra8 22. Rca1 Rxa4 23. Rxa4 Rc8 24. Nf3 e5 25. dxe5 fxe5 26. Nh4 e4 27. Nf5+ Ke6
28. Nxd6 Kxd6 29. Nb2 Nc5 30. Ra3 b5 31. Bxc5+ Kxc5 32. Nd1 Kb4 33. Ra6 Kxb3 34.
Ne3 d4 35. Nf5 d3 36. Rxc6 Rxc6 37. Nd4+ Kc3 38. Nxc6 d2 0-1

[Event "AUTO-OPEN-202"]
[Site "http://www.queenalice.com/game.php?id=77339"]
[Date "2006.6.17"]
[Round "2"]
[White "garik66"]
[Black "alexsoncini"]
[Result "1-0"]
[WhiteElo "2016"]
[BlackElo "2002"]

1. d4 d5 2. c4 e6 3. Nf3 Nf6 4. Nc3 c6 5. Bg5 Nbd7 6. e3 Qa5 7. cxd5 exd5 8. Bd3
Bb4 9. Qc2 h6 10. Bh4 Bxc3+ 11. bxc3 O-O 12. O-O Re8 13. Nd2 g5 14. Bg3 Nh5 15.
Bd6 Re6 16. Bb4 Qd8 17. c4 Ndf6 18. a4 Re8 19. a5 Be6 20. Bc5 Qc7 21. cxd5 cxd5
22. Qb2 Nd7 23. Bb4 b6 24. Rfc1 Qd8 25. Bd6 Qf6 26. Ba6 Bf5 27. Bc7 Ng7 28. Bb7
Rac8 29. Qb5 Rxc7 30. Rxc7 Qd8 31. axb6 axb6 32. Rcc1 Nf6 33. Ra6 Ne6 34. Rxb6
Nc7 35. Rxc7 Qxc7 36. Rxf6 Qc1+ 37. Nf1 Rb8 38. Rxf5 Qc7 39. Qc6 Qxb7 40. Qxh6
1-0

[Event "AUTO-OPEN-202"]
[Site "http://www.queenalice.com/game.php?id=77342"]
[Date "2006.6.17"]
[Round "2"]
[White "Kritikos"]
[Black "garik66"]
[Result "0-1"]
[WhiteElo "1552"]
[BlackElo "2016"]

1. d4 e6 2. c4 d5 3. Nc3 Nf6 4. Bg5 Be7 5. Nf3 O-O 6. Bxf6 Bxf6 7. cxd5 exd5 8.
e3 Re8 9. Be2 c6 10. O-O Nd7 11. Qc2 Be7 12. Rad1 Nf6 13. Ne5 Bd6 14. f4 Be6 15.
f5 Bc8 16. Rde1 Bxe5 17. dxe5 Rxe5 18. Bd3 Ng4 19. f6 Nxf6 20. h3 Qe7 21. e4 Bf5
22. Re2 dxe4 23. Bxe4 Bxe4 24. Nxe4 Rxe4 25. Rfe1 Re8 26. Rxe4 Nxe4 27. Re2 f5
28. Qb3+ Qf7 29. Qa4 Qd5 30. Qc2 Qxa2 31. g4 Qd5 32. gxf5 Qxf5 33. Qc4+ Re6 34.
Qd4 h6 35. h4 Rg6+ 36. Kh2 Qf4+ 0-1

[Event "AUTO-OPEN-202"]
[Site "http://www.queenalice.com/game.php?id=77343"]
[Date "2006.6.17"]
[Round "2"]
[White "garik66"]
[Black "Kritikos"]
[Result "1-0"]
[WhiteElo "1977"]
[BlackElo "1529"]

1. d4 Nf6 2. c4 d5 3. Nc3 e6 4. Nf3 Bb4 5. Bg5 dxc4 6. e4 Nc6 7. Bxc4 Bxc3+ 8.
bxc3 h6 9. Bxf6 Qxf6 10. e5 Qe7 11. Nd2 O-O 12. Qf3 Na5 13. Bd3 Bd7 14. Qe4 g6
15. Qe3 Kh7 16. h4 f5 17. exf6 Rxf6 18. h5 Qg7 19. Ne4 Bc6 20. Nxf6+ Qxf6 21.
hxg6+ Kg8 22. Qxh6 Qg7 23. Qg5 Be8 24. Rh7 1-0

[Event "AUTO-MASTER-113"]
[Site "http://www.queenalice.com/game.php?id=82920"]
[Date "2006.7.5"]
[Round "2"]
[White "RIVAS"]
[Black "garik66"]
[Result "0-1"]
[WhiteElo "1985"]
[BlackElo "2032"]

1. e4 e6 2. d4 d5 3. e5 c5 4. c3 Qb6 5. Nf3 Bd7 6. Be2 Nc6 7. O-O cxd4 8. cxd4
Nge7 9. Na3 Nf5 10. Nc2 Rc8 11. b3 Be7 12. g4 Nh4 13. Nxh4 Bxh4 14. Kh1 Be7 15.
f4 O-O 16. f5 f6 17. fxe6 Bxe6 18. Be3 fxe5 19. Rxf8+ Rxf8 20. dxe5 d4 21. Bxd4
Bd5+ 0-1

[Event "AUTO-MASTER-113"]
[Site "http://www.queenalice.com/game.php?id=82921"]
[Date "2006.7.5"]
[Round "2"]
[White "garik66"]
[Black "RIVAS"]
[Result "1-0"]
[WhiteElo "1977"]
[BlackElo "1969"]

1. d4 Nf6 2. c4 g6 3. Nc3 d6 4. e4 Bg7 5. f3 c5 6. dxc5 dxc5 7. Qxd8+ Kxd8 8.
Be3 Nfd7 9. Nge2 Nc6 10. O-O-O e6 11. Bxc5 b6 12. Ba3 Ke8 13. Nb5 Kd8 14. Nd6
Nce5 15. f4 Ng4 16. Nxf7+ Ke8 17. Nd6+ Kd8 18. Rd2 Kc7 19. e5 Nc5 20. Nd4 Ne3
21. b4 Nb7 22. N6b5+ 1-0

[Event "AUTO-MASTER-113"]
[Site "http://www.queenalice.com/game.php?id=82922"]
[Date "2006.7.5"]
[Round "2"]
[White "tonyalme"]
[Black "garik66"]
[Result "0-1"]
[WhiteElo "2261"]
[BlackElo "2069"]

1. Nf3 e6 2. c4 d5 3. g3 Nf6 4. Bg2 dxc4 5. Qa4+ Bd7 6. Qxc4 Bc6 7. Nc3 Nbd7 8.
d4 Bd6 9. O-O O-O 10. Qd3 Bb4 11. a3 Bxc3 12. Qxc3 Be4 13. Rd1 a5 14. Bg5 h6 15.
Bd2 Nd5 16. Qb3 a4 17. Qb5 N7b6 18. Qc5 Ra6 19. Ne5 Bxg2 20. Kxg2 Nd7 21. Qc4
Nxe5 22. dxe5 f5 23. f3 Qe8 24. e4 fxe4 25. fxe4 b5 26. Qd3 Nb6 27. Bb4 Rf7 28.
Qc3 Nc4 29. Qd4 Kh7 30. Rac1 Ra8 31. h3 h5 32. Rd3 h4 33. g4 Rf4 34. Re1 Qg6 35.
Be7 Re8 36. Bxh4 c5 37. Qxc5 Rxe4 38. Rd4 Ne3+ 39. Kg1 Rxd4 40. Qxd4 Nc2 41. Qe4
Nxe1 42. Qxg6+ Kxg6 43. Bxe1 Rc8 44. Bc3 Kg5 45. Kg2 Rd8 46. Kg3 Rd3+ 47. Kg2
Kf4 48. Kh2 Kf3 49. g5 Rxc3 50. bxc3 g6 51. Kg1 Kg3 52. Kf1 Kxh3 53. Kf2 Kg4 54.
Ke3 Kxg5 55. Kd4 Kf5 56. Kc5 Kxe5 57. Kxb5 g5 58. Kc4 g4 59. Kd3 Kd5 60. Ke3 e5
61. Ke2 e4 62. Kf2 Kc4 63. Ke3 g3 64. Ke2 Kxc3 0-1

[Event "AUTO-MASTER-113"]
[Site "http://www.queenalice.com/game.php?id=82923"]
[Date "2006.7.5"]
[Round "2"]
[White "garik66"]
[Black "tonyalme"]
[Result "1-0"]
[WhiteElo "2093"]
[BlackElo "2254"]

1. d4 d5 2. c4 c6 3. Nf3 Nf6 4. Nc3 dxc4 5. a4 Bf5 6. e3 e6 7. Bxc4 Bb4 8. Qb3
a5 9. O-O O-O 10. Na2 Bd6 11. Qxb7 Nbd7 12. Qxc6 Qe7 13. Nd2 Rfc8 14. Qf3 Nb6
15. h3 Nxc4 16. Nxc4 Bb8 17. Nc3 Bd3 18. Ne5 Bxe5 19. dxe5 Nd7 20. Rd1 Nc5 21.
Ra3 Rab8 22. e4 Bc2 23. Rd2 Bxa4 24. Qg4 Bc6 25. Rc2 a4 26. Be3 Nd7 27. Nxa4
Rxb2 28. Bc5 Rb1+ 29. Kh2 Nxc5 30. Nxc5 Rd8 31. Rg3 g6 32. Rgc3 Bb5 33. Qf4 Be8
34. Rd2 Rb5 35. Rxd8 Qxd8 36. Qe3 Rb2 37. Nb3 h6 38. Nd4 Kg7 39. Ra3 g5 40. Ra6
Kh7 41. Rd6 Qa5 42. f4 Qa2 43. Qg3 gxf4 44. Qg4 Rd2 45. Rd8 f3 46. Qxf3 Qa5 47.
Nc6 Qxd8 48. Nxd8 Rxd8 49. Kg3 Rd7 50. Kh4 Rd4 51. g4 Ra4 52. Qf6 Rxe4 53. Qe7
Kg7 54. Qxe8 Rxe5 55. Qa4 Rg5 56. Qd4+ Kf8 57. Qh8+ Ke7 58. Qxh6 Rb5 59. g5 Rb4+
60. Kh5 Rf4 61. Qh8 Kd7 62. Qb2 Rf5 63. h4 Ke7 64. Kh6 Kd6 65. h5 1-0

[Event "AUTO-OPEN-202"]
[Site "http://www.queenalice.com/game.php?id=99582"]
[Date "2006.8.26"]
[Round "3"]
[White "garik66"]
[Black "trompmaster"]
[Result "1-0"]
[WhiteElo "2047"]
[BlackElo "1918"]

1. d4 d6 2. c4 g6 3. Nc3 Bg7 4. e4 Nc6 5. Be3 e5 6. d5 Nce7 7. c5 f5 8. Bb5+ Kf7
9. Qb3 Nf6 10. f3 f4 11. Bf2 g5 12. Bd3 a6 13. Na4 b5 14. cxb6 Rb8 15. Rc1 Qd7
16. Rxc7 Qxc7 17. bxc7 Rxb3 18. axb3 Bb7 19. Nh3 h6 20. Ke2 Nc8 21. b4 Re8 22.
Rc1 Re7 23. Nb6 Nd7 24. Nc4 Nf8 25. Na5 1-0

[Event "AUTO-OPEN-202"]
[Site "http://www.queenalice.com/game.php?id=99583"]
[Date "2006.8.26"]
[Round "3"]
[White "trompmaster"]
[Black "garik66"]
[Result "0-1"]
[WhiteElo "1931"]
[BlackElo "2058"]

1. d4 e6 2. Bf4 Nf6 3. e3 d5 4. Bd3 c5 5. c3 Nc6 6. Nd2 Be7 7. Bg5 Qb6 8. Rb1
cxd4 9. exd4 e5 10. dxe5 Ng4 11. Be3 Nxe3 12. fxe3 Qxe3+ 13. Qe2 Qxe2+ 14. Bxe2
Bf5 15. Rc1 Nxe5 16. Ngf3 Nd3+ 17. Bxd3 Bxd3 18. Ne5 Ba6 19. Ndf3 f6 20. Ng4 Bc5
21. Kd2 Kf7 22. b4 Bd6 23. Nd4 Bc4 24. Rc2 Bf4+ 25. Kd1 h5 26. Nf2 Rhe8 27. Nh3
Bd6 28. Nf5 Be5 29. Ne3 Bb5 30. Kd2 Rac8 31. g3 d4 32. cxd4 Bxd4 0-1

[Event "AUTO-MASTER-242"]
[Site "http://www.queenalice.com/game.php?id=145660"]
[Date "2006.12.24"]
[Round "1"]
[White "garik66"]
[Black "dimis283"]
[Result "1-0"]
[WhiteElo "2118"]
[BlackElo "1928"]

1. d4 d5 2. c4 e6 3. Nf3 Nf6 4. Nc3 Bb4 5. Bg5 c6 6. e3 Nbd7 7. cxd5 exd5 8. Bd3
h6 9. Bh4 O-O 10. O-O Re8 11. Qc2 Bd6 12. Rfe1 Nf8 13. Bxf6 Qxf6 14. e4 dxe4 15.
Nxe4 Qd8 16. Nxd6 Rxe1+ 17. Rxe1 Qxd6 18. Re8 Rb8 19. Qc5 Qxc5 20. dxc5 b6 21.
Ne5 Ra8 22. Nxc6 Bb7 23. Ne7+ Kh8 24. Rxa8 Bxa8 25. c6 Ne6 26. Bc4 Nc7 27. Bxf7
g5 28. Nd5 1-0

[Event "AUTO-MASTER-242"]
[Site "http://www.queenalice.com/game.php?id=145661"]
[Date "2006.12.24"]
[Round "1"]
[White "dimis283"]
[Black "garik66"]
[Result "0-1"]
[WhiteElo "1932"]
[BlackElo "2111"]

1. e4 e5 2. Nf3 Nc6 3. Bb5 a6 4. Ba4 Nf6 5. O-O Bc5 6. d3 d6 7. Nc3 O-O 8. Bg5
h6 9. Bxf6 Qxf6 10. Nd5 Qd8 11. c3 Ba7 12. h3 Ne7 13. Bb3 Ng6 14. d4 c6 15. Ne3
Qf6 16. d5 Nf4 17. Ng4 Qg6 18. Nh4 Qg5 19. Nf3 Bxg4 20. hxg4 Qxg4 21. Ne1 Ne2+
0-1

[Event "AUTO-MASTER-242"]
[Site "http://www.queenalice.com/game.php?id=145662"]
[Date "2006.12.24"]
[Round "1"]
[White "garik66"]
[Black "Gil"]
[Result "1-0"]
[WhiteElo "2124"]
[BlackElo "2115"]

1. d4 d5 2. c4 Nf6 3. Nf3 dxc4 4. e3 e6 5. Bxc4 a6 6. O-O b5 7. Bd3 Bb7 8. Qe2
c5 9. dxc5 Bxc5 10. Bxb5+ Nbd7 11. Bd3 Bxf3 12. gxf3 Qb6 13. Nd2 O-O 14. Nc4 Qb7
15. b3 a5 16. Bb2 a4 17. a3 axb3 18. Rfb1 Rfb8 19. f4 Be7 20. Nd2 Nc5 21. Be5
Rc8 22. Bc4 Nfd7 23. Bxb3 Qc6 24. Bc2 Nxe5 25. fxe5 Ra7 26. a4 f5 27. Nf3 Qd5
28. Qd1 Qa8 29. Nd4 Rd7 30. a5 Qd5 31. a6 Bf8 32. Bb3 Qxe5 33. Ra5 Rdd8 34. Qf3
Qf6 35. Rxc5 Rxc5 36. Nxe6 Kh8 37. Nxd8 Qxd8 38. a7 Ra5 39. Qb7 g6 40. Bc4 h5
41. Ba6 1-0

[Event "AUTO-MASTER-242"]
[Site "http://www.queenalice.com/game.php?id=145663"]
[Date "2006.12.24"]
[Round "1"]
[White "Gil"]
[Black "garik66"]
[Result "0-1"]
[WhiteElo "2114"]
[BlackElo "2136"]

1. d4 d5 2. Nf3 Nf6 3. c4 e6 4. Nc3 Be7 5. e3 O-O 6. Bd3 dxc4 7. Bxc4 c5 8. O-O
cxd4 9. exd4 Nc6 10. Bf4 a6 11. Bb3 Qa5 12. Qd3 Nb4 13. Qd2 Qf5 14. Bg3 b5 15.
a3 Nbd5 16. Bc2 Qh5 17. Rfe1 Bb7 18. Re5 Qh6 19. Nxd5 Nxd5 20. Qxh6 gxh6 21. Rh5
Rac8 22. Bd3 Kg7 23. Be5+ f6 24. Bg3 b4 25. a4 b3 26. Re1 Nb4 27. Bf1 Kg6 28.
Rh3 Bd5 29. Bf4 Rfd8 30. Nd2 Nc2 31. Rd1 Nxd4 32. Bxa6 Ra8 33. Bd3+ f5 34. a5
Rxa5 35. Bc7 Ra4 36. Bxd8 Bxd8 37. Rg3+ Kf7 38. Bf1 Bf6 39. Rc3 Ra2 40. Rc7+ Kg6
41. Nc4 h5 42. Rd7 h4 43. h3 Bxc4 44. Bxc4 Rxb2 45. R7xd4 Bxd4 46. Rxd4 Rb1+ 47.
Bf1 e5 48. Rb4 e4 49. Rb6+ Kg5 50. Rb7 f4 51. Rb5+ Kf6 52. Rb6+ Ke5 53. Rb5+ Kd6
54. g3 hxg3 55. fxg3 e3 56. Kg2 Rb2+ 57. Kg1 f3 58. g4 e2 59. Bxe2 fxe2 60. Kf2
Kc6 61. Rb8 Kc5 62. Rb7 Kc4 63. Rc7+ Kd3 64. Rd7+ Kc3 65. Rxh7 Rc2 66. Rc7+ Kd2
67. Re7 Kd1 68. Kg3 b2 69. Rd7+ Rd2 0-1

[Event "AUTO-MASTER-242"]
[Site "http://www.queenalice.com/game.php?id=145664"]
[Date "2006.12.24"]
[Round "1"]
[White "garik66"]
[Black "Puffer"]
[Result "1-0"]
[WhiteElo "2147"]
[BlackElo "1958"]

1. d4 Nf6 2. c4 g6 3. Nc3 Bg7 4. e4 d6 5. f3 O-O 6. Be3 c5 7. dxc5 dxc5 8. Qxd8
Rxd8 9. Bxc5 Nc6 10. Nd5 Nxd5 11. cxd5 Bxb2 12. Rb1 Bc3+ 13. Kf2 Bd4+ 14. Bxd4
Nxd4 15. Ke3 e5 16. f4 f6 17. fxe5 fxe5 18. Ne2 Nxe2 19. Bxe2 b6 20. Rhc1 Bb7
21. Rc7 Rab8 22. Rf1 Ba8 23. d6 Rxd6 24. Bc4+ 1-0

[Event "AUTO-MASTER-242"]
[Site "http://www.queenalice.com/game.php?id=145665"]
[Date "2006.12.24"]
[Round "1"]
[White "Puffer"]
[Black "garik66"]
[Result "0-1"]
[WhiteElo "1936"]
[BlackElo "2153"]

1. e4 e5 2. Nf3 Nc6 3. Bc4 Nf6 4. Ng5 d5 5. exd5 Nxd5 6. Nxf7 Kxf7 7. Qf3+ Ke6
8. Nc3 Ne7 9. d4 c6 10. Bg5 Qe8 11. O-O-O Qg6 12. Qg3 Kf7 13. dxe5 Be6 14. Nxd5
Nxd5 15. f4 h6 16. f5 Qxg5+ 17. Qxg5 hxg5 18. fxe6+ Kxe6 19. Rhe1 Rxh2 20. Bxd5+
cxd5 21. c4 Rc8 22. Kb1 Rxc4 0-1

[Event "AUTO-MASTER-242"]
[Site "http://www.queenalice.com/game.php?id=212709"]
[Date "2007.5.18"]
[Round "2"]
[White "Number9"]
[Black "garik66"]
[Result "0-1"]
[WhiteElo "2258"]
[BlackElo "2195"]

1. e4 e5 2. Nf3 Nc6 3. Bb5 a6 4. Ba4 Nf6 5. O-O Be7 6. Re1 b5 7. Bb3 d6 8. c3
O-O 9. d4 Bg4 10. Qd3 Bxf3 11. gxf3 Na5 12. Bd1 Nh5 13. f4 Nxf4 14. Bxf4 exf4
15. Bc2 Bh4 16. b3 Qg5+ 17. Kf1 c5 18. Nd2 cxd4 19. cxd4 Nc6 20. Rac1 f5 21.
exf5 Nb4 22. Qh3 Nxc2 23. Rxc2 Qxf5 24. Qxf5 Rxf5 25. Nf3 Bf6 26. Rc6 Rd5 27.
Re4 g5 28. h4 gxh4 29. Rxf4 Kf7 30. Rc7+ Ke6 31. Rxh7 Rf5 32. Rxf5 Kxf5 33.
Nxh4+ Ke4 34. f3+ Ke3 35. Nf5+ Kxf3 36. Rh3+ Kg4 0-1

[Event "AUTO-MASTER-242"]
[Site "http://www.queenalice.com/game.php?id=212710"]
[Date "2007.5.18"]
[Round "2"]
[White "garik66"]
[Black "Number9"]
[Result "1-0"]
[WhiteElo "2181"]
[BlackElo "2257"]

1. d4 Nf6 2. c4 e6 3. Nf3 d5 4. Nc3 c5 5. cxd5 Nxd5 6. e4 Nxc3 7. bxc3 cxd4 8.
cxd4 Bb4+ 9. Bd2 Bxd2+ 10. Qxd2 O-O 11. Bc4 Nc6 12. O-O b6 13. Rac1 Ne7 14. Rfd1
Bb7 15. Qe3 Rc8 16. Ng5 Qd6 17. e5 Qd7 18. Qd3 Ng6 19. h4 Rfd8 20. Bb3 Rxc1 21.
Rxc1 Nf8 22. Rd1 Qe7 23. g3 b5 24. Ne4 Bxe4 25. Qxe4 a5 26. d5 exd5 27. Rxd5 Rb8
28. Qf4 a4 29. e6 axb3 30. Qxb8 bxa2 31. Qa8 Qxe6 32. Qxa2 h6 33. Qd2 1-0

[Event "AUTO-MASTER-242"]
[Site "http://www.queenalice.com/game.php?id=212713"]
[Date "2007.5.18"]
[Round "2"]
[White "garik66"]
[Black "Bruscato"]
[Result "1-0"]
[WhiteElo "2158"]
[BlackElo "2133"]

1. d4 Nf6 2. c4 g6 3. Nc3 Bg7 4. e4 d6 5. f3 O-O 6. Be3 e5 7. d5 Na6 8. Qd2 Bd7
9. g4 Qe7 10. O-O-O Nc5 11. h4 a5 12. h5 a4 13. Nge2 a3 14. b3 Be8 15. Ng3 Nfd7
16. Kb1 Nb6 17. g5 Bd7 18. Nb5 Bxb5 19. cxb5 Bh8 20. Qh2 Nbd7 21. Bh3 Ra5 22.
hxg6 fxg6 23. Qe2 Raa8 24. b4 Na4 25. Rc1 Rf7 26. Be6 Nf8 27. Bxf7+ Qxf7 28. Rc2
Re8 29. Rhc1 Re7 30. Nf1 Nb6 31. Nd2 Na8 32. Rc3 1-0

[Event "AUTO-MASTER-242"]
[Site "http://www.queenalice.com/game.php?id=212714"]
[Date "2007.5.18"]
[Round "2"]
[White "Bruscato"]
[Black "garik66"]
[Result "0-1"]
[WhiteElo "2167"]
[BlackElo "2169"]

1. e4 e5 2. Nc3 Nf6 3. f4 d5 4. fxe5 Nxe4 5. d3 Nxc3 6. bxc3 d4 7. Nf3 Nc6 8.
Be2 Bc5 9. Bg5 Qd7 10. c4 Qf5 11. O-O O-O 12. Qd2 Nxe5 13. Nxe5 Qxe5 14. Rae1
Bd6 15. Bf4 Qc5 16. Bxd6 Qxd6 17. Qf4 Qxf4 18. Rxf4 c5 19. Bf3 Be6 20. Re5 Rac8
21. Bxb7 Rc7 22. Bd5 Bxd5 23. Rxd5 g6 24. Re4 f6 25. Re6 Rb8 26. Rxf6 Rb1+ 27.
Kf2 Rb2 28. Kf3 Rxc2 29. Ra6 Kg7 30. Re5 Rd2 31. Ra3 Kf6 32. Re2 Rxe2 33. Kxe2
Kf5 34. Ra5 g5 35. Kd2 Kg4 36. Rb5 h5 37. a4 h4 38. Ke2 h3 39. gxh3+ Kxh3 40.
Kf3 Kxh2 41. Kg4 Kg2 42. Kxg5 Kf3 43. Kf6 Ke3 44. Rb3 Kd2 45. a5 Kc2 46. Ra3 Rh7
47. a6 Rh3 48. Ra2+ Kc3 49. Ke6 Rxd3 50. Kd5 Re3 51. Kxc5 d3 0-1